Tutti i Panini del Menu del McDonald's - Statistics

Statistiche generali
  • Questo quiz è stato fatto 109 volte
  • Il punteggio medio è 9 su 20
Statistiche sulle risposte
Calorie per Porzione Nome Panino % Corretto
544.00kcal Big Mac
91%
484.00kcal Crispy McBacon
90%
306.00kcal Cheeseburger
78%
446.00kcal McChicken
74%
234.00kcal McToast
70%
258.00kcal Hamburger
69%
728.00kcal Gran Crispy McBacon
64%
327.00kcal Filet-O-Fish
63%
457.00kcal Double Cheeseburger
53%
656.00kcal My Selection Chicken Pecorino Toscano DOP & Salsa Yuzu
44%
799.00kcal Big Tasty
42%
535.00kcal McWrap con petto di pollo croccante e Parmigiano Reggiano
42%
323.00kcal Chickenburger
33%
558.00kcal Double Chicken BBQ
33%
831.00kcal Big Tasty Bacon
15%
457.00kcal Gluten Free Burger
14%
534.00kcal Gran McChicken
14%
295.00kcal McMuffin Bacon Egg
3%
665.00kcal Tasy McWrap
2%
316.00kcal Uova strapazzate e bacon con pane
1%
Nessun quiz corrispondente trovato
Distribuzione punteggi
Percentuale di utenti per punteggio
Percentile per numero di risposta
I tuoi punteggi nel tempo
Non hai fatto questo quiz